Guess the Taylor Swift song no hints #21 - Statistics

General Stats
  • This quiz has been taken 75 times
  • The average score is 143 of 246
Answer Stats
Answer % Correct
I
100%
a
98%
the
96%
The
96%
you
95%
You
95%
your
93%
in
89%
it
89%
on
89%
And
88%
and
88%
Is
88%
love
88%
no
88%
you're
86%
You're
86%
he
84%
be
82%
That
80%
that
80%
to
80%
who
77%
go
75%
like
75%
know
73%
one
71%
all
70%
don't
70%
it's
68%
It's
68%
not
68%
at
64%
But
63%
but
63%
cause
61%
Cause
61%
see
61%
was
61%
with
59%
With
59%
Oh
54%
oh
54%
up
54%
his
52%
only
50%
tell
48%
knows
46%
out
46%
that's
46%
will
46%
wanted
45%
baby
43%
back
43%
here
32%
into
32%
smile
32%
looking
30%
tied
30%
together
30%
doesn't
29%
around
27%
face
27%
mirror
27%
anyone
25%
might
25%
cry
23%
losing
23%
coming
21%
Hold
21%
undone
21%
away
20%
beauty
20%
golden
20%
letting
20%
pretty
20%
thinking
20%
true
20%
water's
20%
high
18%
jumping
18%
change
16%
end
16%
guess
16%
leaves
16%
Seems
16%
walk
16%
pay
14%
price
14%
rain
14%
extra
13%
giving
11%
Goodbye
11%
Hoping
11%
penny
11%
pocket
11%
No matching quizzes found
Score Distribution
Percent of People with Each Score
Percentile by Number Answered
Your Score History
You have not taken this quiz